000 00667cam a2200205 4500
001 L135882
008 061214n2006 000 0 eng u
035 _a(Sirsi) u135882
041 0 _aeng
050 0 4 _a333.36 $2 18
110 1 _aEstates Gazette
_9298
245 0 0 _aUK distribution parks directory 2006
260 _aLondon
_bEstates Gazette
_c2006
300 _a199p.
_c30cm.
520 _aProvides a directory of UK distribution parks by region and also industrial agents' and developers' locaters.
590 _aKA
651 4 _aUnited Kingdom
_y
690 _aPROPERTY-INDUSTRIAL PROPERTY-DISTRIBUTION CENTRE PROPERTY-DISTRIBUTION CENTRES
942 _n0
999 _c106219
_d106219